000 00475nam a2200157 i 4500
001 64498
003 ES-MaACL
007 t|
008 031226s1954 sp ||||1| spa d
100 1 _aFont de Mora, Rafael.
_951553
245 1 3 _aEl naranjo
_b: su cultivo, explotación y comercio /
_cpor Rafael Font de Mora.
250 _a3ª ed., corr. y aum.
260 _aMadrid :
_bEspasa-Calpe,
_c1954.
300 _a487 p. :
_bil. ;
_c21 cm.
852 _aES-MaACL
_jC-6805
_bR.35952
999 _c64498
_d64498